01345nam a22003617a 4500003000500000005001700005008004100022010001000063011001000073035001000083040000900093082001500102100003500117245009400152260004100246300003000287490004000317590004100357590004100398590004100439590004100480590004200521650003200563650002000595650002400615700003200639830004800671901000700719942001000726949008500736999001700821952014500838CHAP20220329135550.0971013s1982 us a r 00010 eng d a38603 a39575 a43696 cCHAP00a595.76bM500aMitton, Jeffrey B.eed.9762611 aBark beetles in North American conifersb: a system for the study of evolutionary biology aAustin :bUniversity of Texas,c1982 a527 p.b: ilus. ; gráfs aThe corrie herring book seriesv; 6 aBATCH-UPDb10c20130110lUCH01h0338 aBATCH-UPDb10c20130110lUCH01h2104 aBATCH-UPDb10c20130410lUCH01h0011 aBATCH-UPDb10c20130914lUCH01h1034 aCONVERSIONb10c20130109lUCH01h132114aConíferasxPlagas.92724414aCorteza.92830914aEscarabajos.9374650 aSturgeon, Kareen B.91101000 aThe corrie herring book seriesv; 69112640 aBK cLIBRO a595.76 M5bBCcLIBROd33724000613527eLIBROgI.136771h71026i43696mDsit59.52 c38603d38603 00102ddc4052708GRALaBCbBCcPA_GRALd2019-12-31eI.136771fLIBROl0o595.76 M5p33724000613527r2019-12-31 00:00:00w2019-12-31yLIBRO